[Event "Oberliga Bayern 2324"]
[Site "Germany"]
[Date "2024.04.14"]
[Round "8.4"]
[White "Schmidt, Oliver2"]
[Black "Reinhard, Simon"]
[Result "0-1"]
[WhiteElo "2020"]
[BlackElo "2102"]
[PlyCount "86"]
[EventDate "2023.10.22"]
[EventType "team-tourn"]
[EventRounds "9"]
[EventCountry "GER"]
[SourceTitle "EXT 2025"]
[Source "ChessBase"]
[SourceDate "2024.10.14"]
[SourceVersion "1"]
[SourceVersionDate "2024.10.14"]
[SourceQuality "1"]
[WhiteTeam "Schwandorf"]
[BlackTeam "Muenchen Tarrasch"]
[WhiteTeamCountry "GER"]
[BlackTeamCountry "GER"]

1. d4 Nf6 2. c4 g6 3. Nc3 Bg7 4. e4 d6 5. Nf3 0-0 6. Be2 e5 7. Be3 Ng4 8. Bg5 f6 9. Bc1 Nc6 10. 0-0 f5 11. dxe5 Ngxe5 12. exf5 Bxf5 13. Qd5+ Kh8 14. Nxe5 Bxe5 15. Be3 Qh4 16. g3 Qf6 17. Rad1 Rae8 18. Qd2 Bh3 19. Rfe1 Qf5 20. f4 Bg7 21. Bf2 Ne5 22. Be3 Ng4 23. Bd4 Nf6 24. Bd3 Qd7 25. Ne4 Ng4 26. Bf1 Bxf1 27. Kxf1 Ne5 28. Qc3 Qh3+ 29. Kg1 c5 30. Bxe5 dxe5 31. Ng5 Qf5 32. Rd5 Qc8 33. fxe5 Qf5 34. Qe3 h6 35. Ne4 Rxe5 36. Qxc5 Rxe4 37. Rxf5 Rxe1+ 38. Kg2 Rxf5 39. Qc8+ Rf8 40. Qxb7 Re2+ 41. Kh3 Rff2 42. Qxa7 h5 43. Kh4 Bf6+ 0-1

[Event "Oberliga Bayern 2324"]
[Site "Germany"]
[Date "2024.02.04"]
[Round "5.4"]
[White "Reinhard, Simon"]
[Black "De Francesco, Klaus"]
[Result "1-0"]
[WhiteElo "2102"]
[BlackElo "2126"]
[PlyCount "89"]
[EventDate "2023.10.22"]
[EventType "team-tourn"]
[EventRounds "9"]
[EventCountry "GER"]
[SourceTitle "EXT 2025"]
[Source "ChessBase"]
[SourceDate "2024.10.14"]
[SourceVersion "1"]
[SourceVersionDate "2024.10.14"]
[SourceQuality "1"]
[WhiteTeam "Muenchen Tarrasch"]
[BlackTeam "Weilheim"]
[WhiteTeamCountry "GER"]
[BlackTeamCountry "GER"]

1. d4 Nf6 2. c4 e6 3. Nf3 d5 4. Nc3 c6 5. e3 a6 6. Bd3 b5 7. b3 Nbd7 8. 0-0 Be7 9. Qc2 b4 10. Ne2 Bb7 11. c5 a5 12. Bb2 Ba6 13. Bxa6 Rxa6 14. a3 bxa3 15. Rxa3 0-0 16. Rfa1 Qc7 17. Bc3 Rfa8 18. b4 Ne4 19. Be1 e5 20. Nc3 Nef6 21. Ne2 Bd8 22. Nc3 e4 23. Nd2 Qb7 24. Qa2 Nb8 25. bxa5 Rxa5 26. Rxa5 Rxa5 27. Na4 Nfd7 28. Qc2 Rb5 29. Rb1 Rxb1 30. Nxb1 h5 31. h3 Bc7 32. Bd2 Nf6 33. Nbc3 Nbd7 34. Na2 Bb8 35. Ba5 Qb5 36. Bd8 Kf8 37. N4c3 Qb7 38. Qa4 Ke8 39. Ba5 Qb2 40. g3 h4 41. g4 Qa1+ 42. Nd1 Nh7 43. Qc2 Ng5 44. Bc3 Nf3+ 45. Kh1 1-0

[Event "Oberliga Bayern 2324"]
[Site "Germany"]
[Date "2023.12.03"]
[Round "3.4"]
[White "Reinhard, Simon"]
[Black "Quast, Michael"]
[Result "1/2-1/2"]
[WhiteElo "2102"]
[BlackElo "2211"]
[PlyCount "44"]
[EventDate "2023.10.22"]
[EventType "team-tourn"]
[EventRounds "9"]
[EventCountry "GER"]
[SourceTitle "EXT 2025"]
[Source "ChessBase"]
[SourceDate "2024.10.14"]
[SourceVersion "1"]
[SourceVersionDate "2024.10.14"]
[SourceQuality "1"]
[WhiteTeam "Muenchen Tarrasch"]
[BlackTeam "Regensburg Post/Sued"]
[WhiteTeamCountry "GER"]
[BlackTeamCountry "GER"]

1. d4 Nf6 2. Nf3 d6 3. g3 g6 4. Bg2 Bg7 5. 0-0 0-0 6. b3 c6 7. Bb2 Bf5 8. Nbd2 Ne4 9. Ne1 d5 10. Nxe4 dxe4 11. c4 Qd7 12. Nc2 Bh3 13. Ba3 Bxg2 14. Kxg2 Rd8 15. e3 Na6 16. Qe2 e5 17. Rad1 exd4 18. Nxd4 Qe8 19. Qc2 f5 20. Ne2 Be5 21. Rxd8 Rxd8 22. Rd1 Rd7 1/2-1/2

[Event "Oberliga Bayern 2223"]
[Site "Germany"]
[Date "2023.03.05"]
[Round "7.6"]
[White "Kobl, Rudolf"]
[Black "Reinhard, Simon"]
[Result "1-0"]
[WhiteElo "2126"]
[BlackElo "2096"]
[PlyCount "72"]
[EventDate "2022.10.09"]
[EventType "team-tourn"]
[EventRounds "9"]
[EventCountry "GER"]
[SourceTitle "EXT 2025"]
[Source "ChessBase"]
[SourceDate "2024.10.14"]
[SourceVersion "1"]
[SourceVersionDate "2024.10.14"]
[SourceQuality "1"]
[WhiteTeam "Trostberg"]
[BlackTeam "Muenchen Tarrasch"]
[WhiteTeamCountry "GER"]
[BlackTeamCountry "GER"]

1. e4 e5 2. Nf3 Nc6 3. Bc4 Nf6 4. Ng5 d5 5. exd5 Na5 6. Bb5+ c6 7. dxc6 bxc6 8. Bd3 h6 9. Ne4 Nd5 10. 0-0 Nf4 11. Be2 Be7 12. d3 Nxe2+ 13. Qxe2 0-0 14. Ng3 Bd6 15. Qh5 Re8 16. Re1 c5 17. Nc3 Bb7 18. Nf5 Bf8 19. Ne4 Re6 20. Bg5 Qe8 21. Bd2 Nc6 22. Re3 Nd4 23. Rg3 Rg6 24. Nxh6+ Rxh6 25. Bxh6 Bxe4 26. dxe4 f5 27. Qd1 f4 28. Rg4 Qe6 29. c3 Nc2 30. Rc1 Rd8 31. Rxg7+ Bxg7 32. Qxd8+ Kh7 33. Bxg7 Kxg7 34. Qg5+ Kh8 35. Rxc2 Qxa2 36. Qd8+ Kg7 1-0

[Event "Oberliga Bayern 2223"]
[Site "Germany"]
[Date "2022.11.27"]
[Round "3.5"]
[White "Reinhard, Simon"]
[Black "Kaunzinger, Albert"]
[Result "0-1"]
[WhiteElo "2096"]
[BlackElo "2163"]
[PlyCount "124"]
[EventDate "2022.10.09"]
[EventType "team-tourn"]
[EventRounds "9"]
[EventCountry "GER"]
[SourceTitle "EXT 2025"]
[Source "ChessBase"]
[SourceDate "2024.10.14"]
[SourceVersion "1"]
[SourceVersionDate "2024.10.14"]
[SourceQuality "1"]
[WhiteTeam "Muenchen Tarrasch"]
[BlackTeam "Groebenzell"]
[WhiteTeamCountry "GER"]
[BlackTeamCountry "GER"]

1. d4 d5 2. c4 Nc6 3. Nc3 e5 4. cxd5 Nxd4 5. e3 Nf5 6. Nf3 Bd6 7. e4 Nfe7 8. Bb5+ Bd7 9. Bg5 a6 10. Bxd7+ Qxd7 11. 0-0 h6 12. Bh4 g5 13. Bg3 Ng6 14. h4 Nf6 15. Qd2 Nf4 16. Rfe1 0-0-0 17. Nd4 exd4 18. Qxd4 Ng4 19. Qa7 Qe7 20. Qa8+ Kd7 21. Qxb7 Ne5 22. Qxa6 Qf6 23. Qa4+ Ke7 24. Nb5 gxh4 25. Bxf4 Qxf4 26. Nd4 Rhg8 27. Nf5+ Kf6 28. Re3 Qg4 29. g3 hxg3 30. Rxg3 Nf3+ 31. Kf1 Bxg3 32. Nxg3 Ne5 33. Rc1 Qh3+ 34. Ke2 Rxg3 35. fxg3 Qg2+ 36. Kd1 Qf1+ 37. Kd2 Qd3+ 38. Ke1 Qxg3+ 39. Ke2 Qd3+ 40. Ke1 Nf3+ 41. Kf2 Qd2+ 42. Kxf3 Qxc1 43. Qd4+ Kg6 44. Qe5 Rd6 45. Qf5+ Kg7 46. Qe5+ Rf6+ 47. Ke2 Qf4 48. Qd4 Kh7 49. Kd3 Qf1+ 50. Kc3 Rf3+ 51. Kb4 Qd3 52. Qe5 Qd2+ 53. Kb5 Rf2 54. b4 Qxa2 55. Qd4 Qe2+ 56. Kc6 Qc2+ 57. Kd7 Rf4 58. Qc5 Qxe4 59. Qxc7 Qxd5+ 60. Ke8 Rxb4 61. Qg3 Re4+ 62. Kf8 Qd8+ 0-1

[Event "Landesliga Sued 1920"]
[Site "Bayern"]
[Date "2020.01.19"]
[Round "5.7"]
[White "Reinhard, Simon"]
[Black "Kempter, Ronald"]
[Result "0-1"]
[WhiteElo "2154"]
[BlackElo "2182"]
[PlyCount "64"]
[EventDate "2019.09.29"]
[EventType "team-tourn"]
[EventRounds "9"]
[EventCountry "GER"]
[SourceTitle "EXT 2021"]
[Source "ChessBase"]
[SourceDate "2020.10.23"]
[SourceVersion "1"]
[SourceVersionDate "2020.10.23"]
[SourceQuality "1"]
[WhiteTeam "Muenchen Tarrasch"]
[BlackTeam "Groebenzell"]
[WhiteTeamCountry "GER"]
[BlackTeamCountry "GER"]

1. e4 e5 2. Nf3 Nc6 3. Bb5 a6 4. Ba4 Nf6 5. 0-0 Be7 6. Re1 b5 7. Bb3 0-0 8. d4 d6 9. c3 Bg4 10. Be3 exd4 11. cxd4 Na5 12. Bc2 Nc4 13. Bc1 c5 14. b3 Nb6 15. Bb2 Rc8 16. Nbd2 cxd4 17. Bxd4 Nfd7 18. h3 Bh5 19. Rc1 Bf6 20. g4 Bg6 21. Nf1 Ne5 22. Nxe5 Bxe5 23. Ne3 Nd7 24. Nd5 Qh4 25. Kg2 h5 26. Bxe5 Nxe5 27. f4 hxg4 28. hxg4 Nxg4 29. Ne7+ Kh7 30. Rh1 Ne3+ 31. Kf3 Bh5+ 32. Kxe3 Qg3+ 0-1